|
|
|
|
| LEADER |
00000nam a2200000 a 4500 |
| 001 |
1/127719 |
| 008 |
231115s2004####cy | ||| |||| ||gre|| |
| 020 |
|
|
|a 9963766455
|
| 040 |
|
|
|a GR-MyUa
|b gre
|c GR-MyUa
|e AACR2
|
| 041 |
0 |
|
|a gre
|
| 082 |
7 |
|
|a 889.14
|2 (23)
|
| 100 |
1 |
|
|a Αγγελίδου, Κλαίρη,
|d 1932-2021.
|
| 245 |
1 |
0 |
|a Σαλαμίνιες αύρες /
|c Κλαίρη Αγγελίδου.
|
| 260 |
|
|
|a Λευκωσία :
|b [χ.ό.],
|c 2004.
|
| 300 |
|
|
|a 103 σ. :
|b εικ., φωτ. ;
|c 23 εκ.
|
| 650 |
|
0 |
|a Greek literature, Modern
|z Cyprus.
|
| 650 |
|
0 |
|a Greek poetry, Modern
|z Cyprus.
|
| 650 |
|
0 |
|a Cyprian poetry
|
| 852 |
|
|
|a INST
|b RHODES
|e 20231115
|h 889.14 ΑΓΓ
|p 005400043895
|q 005400043895
|t BK
|y 0
|
| 970 |
|
|
|z 15-11-2023
|